Представление документа в формате RUSMARC

ПолеНазваниеЗначение
  Тип записи c
  Библиографический уровень m
001 Контрольный номер RU/УОНБ/EK_N/552586432
005 Дата корректировки 20260327151404.1
010 Индекс ISBN __
9 Тираж 20000 экз.
013 Номер (ISMN) __
d Цена 1 р. 10 к.
071 Издательские номер (звукозапись и ноты) 21
a Номер, присвоенный агентством 14499
100 Данные общей обработки __
a Данные общей обработки 20170705d1990 u y0rusy0189 ca
101 Язык документа 0_
a Язык текста rus
f Язык титульного листа rus
102 Страна публикации __
a Страна публикации RU
105 Кодированные данные (монография) __
a Кодированные данные (монография) y###||||000|y
125 Кодированные данные звукозаписи и нотных изданий __
a Форма изложения нотного текста с|
128 Кодированные данные (звукозаписи-физические характеристики) __
a Кодированные данные: Музыкальная форма и тональность или лад ccn
c Инструменты или голоса, рекомендуемые для солистов (устаревшее) ka||
c Инструменты или голоса, рекомендуемые для солистов (устаревшее) kt||
c Инструменты или голоса, рекомендуемые для солистов (устаревшее) tb||
200 Заглавие и сведения об ответственности 1_
a Заглавие Вып. 3
f Первые сведения об ответственности сост. и перелож. М. Протасова
210 Выходные данные 1_
d Дата издания 1990
215 Физическое описание __
a Объем 80 с.
327 Примечание о содержании 11
a Примечание о содержании Содерж.: Песни : Монасыпов А. Родина милая / сл. Л. Завальнюка. - Морозов А. Буду помнить / сл. В. Гина. - Березин С. Ночной полет / сл. С. Березина. - Иванов О. Печеная картошка / сл. А. Поперечного. - Петров В. Свет судьбы моей / сл. А. Львова. - Николаев И. На край света / сл. П. Жагуна. - Гальперин Ю. Кораблики / сл. А. Молодова. - Назимов В. Жизнь прожить - не поле перейти / сл. А. Владимирова. - Зацепин А. На тропинке / сл. А. Смирнова. - Рубашевский В. По старинке / сл. Р. Казаковой. - Арутюнов А. Люба-Любушка / сл. В. Семернина. - Космачев И. Песня : из радиоспектакля "Необыкновенные приключения Карика и Вали" / сл. Л. Дербенева. - Протасов М. Хочу признаться Вам в любви / сл. Е. Шкловского. - Ветров В. Я об этом не жалею / сл. М. Агашиной. - Инструментальные мелодии : Саульский Ю. Ночная прогулка. - Рубашевский В. Была весна. - Гладков Г. Прогулка ; Ковбой : два фрагмента из музыки к кф. "Особо важная персона". - Купревич В. Новоселье. - Космачев И. Земля на всех одна. - Бяшаров Ш. Танцевальная сюита в стиле ретро : Танго ; Медленный вальс ; Фокстрот. - Гальперин Ю. Движения : сюита : Галоп ; Болеро ; Попутная. - Грюнберг Л. Фокстрот ; Блюз
461 Уровень набора _0
1 001RU/УОНБ/EK_N/552577138
1 200
a Калейдоскоп
b Ноты
e попул. песни и мелодии радио, кино и тв.
e в перелож. для фп. (баяна, гитары) [с надпис. текстом]
v Вып. 3
1 210
a М.
c Музыка
d 1988 -
464 Аналитический уровень _0
1 2001
a Родина милая
e Ковыли пролетают белые...
1 700 1
a Монасыпов
b А.
1 702 1
a Завальнюк
b Л.
4 520
464 Аналитический уровень _0
1 2001
a Буду помнить
e Все мы ищем в синем небе журавлей...
1 700 1
a Морозов
b А.
1 702 1
a Гин
b В.
4 520
464 Аналитический уровень _0
1 2001
a Ночной полет
e Взревели моторы, нарушив покой тишины...
1 700 1
a Березин
b С.
1 702 1
a Березин
b С.
4 520
464 Аналитический уровень _0
1 2001
a Печеная картошка
e Вечерком, взгрустнув немножко...
1 700 1
a Иванов
b О.
1 702 1
a Поперечный
b А.
4 520
464 Аналитический уровень _0
1 2001
a Свет судьбы моей
e Сирень зари накину я на плечи...
1 700 1
a Петров
b В.
1 702 1
a Львов
b А.
4 520
464 Аналитический уровень _0
1 2001
a На край света
e Несложно и без слов понять...
1 700 1
a Николаев
b И.
1 702 1
a Жагун
b П.
4 520
464 Аналитический уровень _0
1 2001
a Кораблики
e Снова лето пришло и в соку солнценосные травы...
1 700 1
a Гальперин
b Ю.
1 702 1
a Молодов
b А.
4 520
464 Аналитический уровень _0
1 2001
a Жизнь прожить - не поле перейти
e Жизнь прожить - не поле перейти...
1 700 1
a Назимов
b В.
1 702 1
a Владимиров
b А.
4 520
464 Аналитический уровень _0
1 2001
a На тропинке
e На тропинке, на тропинке...
1 700 1
a Зацепин
b А.
1 702 1
a Смирнов
b А.
4 520
464 Аналитический уровень _0
1 2001
a По старинке
e Был у нас недавно праздник...
1 700 1
a Рубашевский
b В.
1 702 1
a Казакова
b Р.
4 520
464 Аналитический уровень _0
1 2001
a Люба-Любушка
e Солнце опустилось прямо на плетень...
1 700 1
a Арутюнов
b А.
1 702 1
a Семернин
b В.
4 520
464 Аналитический уровень _0
1 2001
a Песня
e В январе по пояс снега...
e из радиоспектакля "Необыкновенные приключения Карика и Вали"
1 700 1
a Космачев
b И.
1 702 1
a Дербенев
b Л.
4 520
1 50010
a Необыкновенные приключения Карика и Вали
464 Аналитический уровень _0
1 2001
a Хочу признаться Вам в любви
e Хочу признаться Вам в любви...
1 700 1
a Протасов
b М.
1 702 1
a Шкловский
b Е.
4 520
464 Аналитический уровень _0
1 2001
a Я об этом не жалею
e Я об этом не жалею...
1 700 1
a Ветров
b В.
1 702 1
a Агашина
b М.
4 520
464 Аналитический уровень _0
1 2001
a Ночная прогулка
1 700 1
a Саульский
b Ю.
464 Аналитический уровень _0
1 2001
a Была весна
1 700 1
a Рубашевский
b В.
464 Аналитический уровень _0
1 2001
a Прогулка
e фрагмент из музыки к кф. "Особо важная персона"
1 700 1
a Гладков
b Г.
1 50010
a Особо важная персона
464 Аналитический уровень _0
1 2001
a Новоселье
1 700 1
a Купревич
b В.
464 Аналитический уровень _0
1 2001
a Земля на всех одна
1 700 1
a Космачев
b И.
464 Аналитический уровень _0
1 2001
a Танго
e из "Танцевальной сюиты в стиле ретро"
1 700 1
a Бяшаров
b Ш.
1 50010
a Танцевальная сюита в стиле ретро
464 Аналитический уровень _0
1 2001
a Галоп
e из сюиты "Движения"
1 700 1
a Гальперин
b Ю.
1 50010
a Движения
464 Аналитический уровень _0
1 2001
a Фокстрот
1 700 1
a Грюнберг
b Л.
464 Аналитический уровень _0
1 2001
a Ковбой
e фрагмент из музыки к кф. "Особо важная персона"
1 700 1
a Гладков
b Г.
1 50010
a Особо важная персона
464 Аналитический уровень _0
1 2001
a Медленный вальс
e из "Танцевальной сюиты в стиле ретро"
1 700 1
a Бяшаров
b Ш.
1 50010
a Танцевальная сюита в стиле ретро
464 Аналитический уровень _0
1 2001
a Фокстрот
e из "Танцевальной сюиты в стиле ретро"
1 700 1
a Бяшаров
b Ш.
1 50010
a Танцевальная сюита в стиле ретро
464 Аналитический уровень _0
1 2001
a Болеро
e из сюиты "Движения"
1 700 1
a Гальперин
b Ю.
1 50010
a Движения
464 Аналитический уровень _0
1 2001
a Попутная
e из сюиты "Движения"
1 700 1
a Гальперин
b Ю.
1 50010
a Движения
464 Аналитический уровень _0
1 2001
a Блюз
1 700 1
a Грюнберг
b Л.
512 Заглавие обложки 1_
a Заглавие обложки Калейдоскоп
606 Тематические рубрики 0_
a Основная рубрика Фортепиано
x Основная подрубрика Переложения
610 Ключевые слова 0_
a Ключевые слова фортепиано
610 Ключевые слова 0_
a Ключевые слова переложения
686 Индексы других классификаций __
a Классификационный индекс 85.954.2-07-09(2)я43
a Классификационный индекс 85.954.6-094(2)я43
a Классификационный индекс 85.956.4-094(2)я43
2 Код системы rubbk
702 Вторичная интеллектуальная ответственность _1
a Фамилия Протасов
b Имя (инициалы) М. Н.
4 Код отношения 220
4 Код отношения 030
801 Источник записи _0
a Страна RU
b Организация Ульяновская ОНБ
c Дата составления 20170705
g Правила каталогизации RCR
801 Источник записи _1
a Страна RU
b Организация Ульяновская ОНБ
c Дата составления 20170705
g Правила каталогизации RCR
901 Тип документа __
t Тип документа n
w Контрольный № источника RU/УОНБ/EK_N/552577138
909 Создатель записи __
a Создатель записи Грязнова И. Е.
910 Корректоры записи __
a Корректор записи Васина
938 Служебная информация __
a Имя БД noti
b Имя библиотеки УОНБ
c Имя АИБС МАРК-SQL
d Номер DOC_ID в БД 16561